00819nam a22001937a 4500003000900000005001700009008004100026040001300067100002300080245010200103250000600205260002000211300001700231490001200248520022000260942001200480999001700492952011600509IT-RoPau20220918175939.0130128b xxu||||| |||| 00| 0 eng d cIT-RoPau aMerlo , Tecla9267 aLa casa natalebSulle orme della Prima Maestra Tecla Merlo Guida per la lettura e le diapositive aI aRomabFSPc1989 a46 p.c20 cm v2° vol aIndice Introduzione I. L'ambiente II. La famiglia III. L'infanzia e la giovinezza IV. La maturazione vocazionale V. Lo sviluppo storico della Congregazione e dell'apostolato VI. L'interiorità€ 2ddccBK c37853d37853 00102ddc406PB_4_00000000000000071aPAULUSbPAULUSd2013-01-28l0oPB 4r2013-01-28 00:00:00w2013-01-28yBK